The Theory and practice of change management / (Record no. 3544)
[ view plain ]
| 000 -LEADER | |
|---|---|
| fixed length control field | 00745cam a22002292 4500 |
| 001 - CONTROL NUMBER | |
| control field | 0000012096 |
| 005 - DATE AND TIME OF LATEST TRANSACTION | |
| control field | 20151217145854.0 |
| 008 - FIXED-LENGTH DATA ELEMENTS--GENERAL INFORMATION | |
| fixed length control field | 090202s xx 000 0 eng d |
| 020 ## - INTERNATIONAL STANDARD BOOK NUMBER | |
| International Standard Book Number | 1403992987 : |
| 040 ## - CATALOGING SOURCE | |
| Original cataloging agency | KABU |
| Transcribing agency | KABU |
| 050 #0 - LIBRARY OF CONGRESS CALL NUMBER | |
| Classification number | HD58.8 |
| Item number | .H39 2007 |
| 100 1# - MAIN ENTRY--PERSONAL NAME | |
| Personal name | Hayes, John, |
| Dates associated with a name | 1943-. |
| -- | 0000150847 |
| 245 14 - TITLE STATEMENT | |
| Title | The Theory and practice of change management / |
| Statement of responsibility, etc. | John Hayes. |
| 250 ## - EDITION STATEMENT | |
| Edition statement | 2nd ed. |
| 260 ## - PUBLICATION, DISTRIBUTION, ETC. (IMPRINT) | |
| Place of publication, distribution, etc. | Houndmills, Basingstoke, Hampshire ; |
| -- | New York : |
| Name of publisher, distributor, etc. | Palgrave Macmillan, |
| Date of publication, distribution, etc. | 2007. |
| 300 ## - PHYSICAL DESCRIPTION | |
| Extent | xxii, 401 p. |
| 650 #0 - SUBJECT ADDED ENTRY--TOPICAL TERM | |
| Topical term or geographic name as entry element | Organizational change. |
| -- | 0000150813 |
| 650 #0 - SUBJECT ADDED ENTRY--TOPICAL TERM | |
| Topical term or geographic name as entry element | Organizational effectiveness. |
| -- | 0000150612 |
| 852 1# - LOCATION | |
| -- | p3953.87 KES |
| 908 ## - PUT COMMAND PARAMETER (RLIN) | |
| Put command parameter | 090202 |
| 950 ## - LOCAL HOLDINGS (RLIN) | |
| -- | 1 |
| Withdrawn status | Lost status | Source of classification or shelving scheme | Not for loan | Home library | Current library | Date acquired | Total Checkouts | Total Renewals | Full call number | Barcode | Date last seen | Date last checked out | Price effective from | Koha item type |
|---|---|---|---|---|---|---|---|---|---|---|---|---|---|---|
| Library of Congress Classification | Kabarak, Main Campus | Kabarak, Main Campus | 17/12/2015 | 1 | 1 | HD58.8 .H39 2007 c. 1 | 16472 | 02/08/2024 | 18/05/2017 | 17/12/2015 | General Collection |